| 000 | 00763nam a22002057a 4500 | ||
|---|---|---|---|
| 003 | NUST-PNEC | ||
| 005 | 20170116180713.0 | ||
| 008 | 141015b xxu||||| |||| 00| 0 eng d | ||
| 022 | _aB000WI69TG | ||
| 040 | _cPNEC | ||
| 082 | _a627.0202 DAV | ||
| 100 |
_9607 _aDavis, Calvin Victor |
||
| 245 |
_aHandbook of applied hydraulics. _cCalvin Victor Davis |
||
| 250 | _a2nd ed. | ||
| 260 |
_aNew York, _b McGraw-Hill _c1969 |
||
| 300 |
_a1 volume (various pagings): _billustrations, maps; _c23 cm. |
||
| 500 | _aIncludes Index http://www.amazon.com/Handbook-Applied-Hydraulics-Calvin-Victor/dp/B000WI69TG/ref=sr_1_sc_1?s=books&ie=UTF8&qid=1413369975&sr=1-1-spell&keywords=HANDBOOK+OF+APPLIED+HYDRAULICS+BY+CLAVIN+VICTOR+DAVIS | ||
| 650 | _xME | ||
| 942 |
_2ddc _cBK |
||
| 999 |
_c61042 _d61042 |
||